000
00313nam a2200097Ia 4500
008
180130s9999 xx 000 0 und d
245
_c
Horton, Peter
_a
The role of the coach
260
_c
2015
300
_a
Book title: Practical sports coaching--Acession number C20229; pages 3 - 15
650
_a
COACHING (ATHLETICS)
999
_c
354563
_d
354563